000 00665nam a2200229 a 4500
001 00010204
008 110328s2003 a g 000 0 eng d
020 _a2832706688
040 _aBD-Dh-IUB
_cBD-Dh-IUB
082 0 4 _a333.7153
_219
100 1 _aLamp, David
245 0 0 _aRehabilitation and Restoration of Degraded Forests /
_cDavid Lamp, Don Gilmour
250 _a1st ed.
260 _aCambridge :
_bIUCN,
_c2003.
300 _ai,110p. :
_billus ;
_c24cm
520 0 _aEnvironment Management
556 _a2005\03\05
650 1 7 _aForets
_2Spines
650 1 7 _aForest Conservation
_2Spines
700 1 _aGilmour, Don
999 _c3318
_d3318